Análisis gráfico-exploratorio

Guardat en:
Dades bibliogràfiques
Autor principal: Escobar, Modesto (Autor)
Format: Llibre
Idioma:espanyol
Publicat: Madrid La Muralla 1999
Col·lecció:Cuadernos de Estadística, 2
Matèries:
Etiquetes: Afegir etiqueta
Sense etiquetes, Sigues el primer a etiquetar aquest registre!

MARC

LEADER 00000nam a2200000 a 4500
001 UCM8595
003 CL-VaPUC
008 030321e19990000SP |||||||||||||||||spa|d
082 0 4 |a 519.5  |b ESC  |2 21 
100 0 |a Escobar, Modesto  |e author  |9 474659 
245 1 0 |a Análisis gráfico-exploratorio 
300 |a 135 p 
942 |c BK 
945 |d 20030321 00:00:00  |a cmena 
260 |a Madrid  |b La Muralla  |c 1999 
650 0 |a Estadística matemática  |9 260028 
650 0 |a Análisis gráfico   |9 378411 
650 0 |a Análisis estadístico  |9 269506 
650 0 |a Variables  |9 338106 
650 0 |a Métodos de investigación   |9 262618 
583 |a last modification  |c 20030321 00:00:00  |k Rodrigo Vera 
490 0 |a Cuadernos de Estadística, 2 
999 |c 303057  |d 303055 
952 |0 0  |1 0  |4 0  |6 519_500000000000000_ESC_1999  |7 0  |8 A  |9 364012  |a BIBGIM  |b BIBGIM  |d 2019-11-21  |i 3882985  |o 519.5 ESC 1999  |p 3882985  |r 2025-01-15  |w 2019-11-21  |y BK  |k EST